[Event "VIE-ch Resolution (Women) 7th"]
[Site "Bac Giang"]
[Date "2014.12.12"]
[Round "7"]
[White "Nguyen, Quynh Anh"]
[Black "Pham, Thi Ngoc Tu"]
[Result "1-0"]
[WhiteElo "2165"]
[BlackElo "2075"]
[PlyCount "53"]
[EventDate "2014.12.05"]
[EventType "swiss"]
[EventRounds "9"]
[EventCountry "VIE"]
[SourceTitle "EXT 2019"]
[Source "ChessBase"]
[SourceDate "2018.10.10"]
[SourceVersion "1"]
[SourceVersionDate "2018.10.10"]
[SourceQuality "1"]

1. e4 e5 2. Nf3 Nc6 3. Bc4 Bc5 4. c3 Nf6 5. d3 h6 6. Nbd2 0-0 7. h3 d5 8. Bb3 a5 9. a4 Be6 10. Bc2 d4 11. Qe2 Nd7 12. g4 Rb8 13. Nf1 b5 14. axb5 Rxb5 15. Ng3 dxc3 16. bxc3 Bb3 17. g5 hxg5 18. Nxg5 Nf6 19. Nf5 Bxc2 20. Qxc2 Nh5 21. Rg1 g6 22. Nh6+ Kg7 23. Qe2 Qf6 24. Ng4 Nf4 25. Nxf6 Nxe2 26. Kxe2 Kxf6 27. Nh7+ 1-0

[Event "VIE-ch Resolution (Women) 7th"]
[Site "Bac Giang"]
[Date "2014.12.05"]
[Round "1"]
[White "Le, Thuy Vi"]
[Black "Pham, Thi Ngoc Tu"]
[Result "1/2-1/2"]
[WhiteElo "1559"]
[BlackElo "2075"]
[PlyCount "148"]
[EventDate "2014.12.05"]
[EventType "swiss"]
[EventRounds "9"]
[EventCountry "VIE"]
[SourceTitle "EXT 2016"]
[Source "ChessBase"]
[SourceDate "2015.10.08"]
[SourceVersion "1"]
[SourceVersionDate "2015.10.08"]
[SourceQuality "1"]

1. e4 e6 2. d4 d5 3. exd5 exd5 4. Nf3 Bd6 5. c4 c6 6. Nc3 Ne7 7. Bd3 0-0 8. h3 b6 9. 0-0 Nd7 10. Bg5 f6 11. Be3 Kh8 12. Qc2 f5 13. Bg5 Nf6 14. Rfe1 h6 15. Bxf6 Rxf6 16. cxd5 cxd5 17. Rac1 Bf4 18. Rcd1 Be6 19. Ne5 Bxe5 20. dxe5 Rf8 21. Nb5 Rc8 22. Qa4 Nc6 23. Nxa7 Nxa7 24. Qxa7 Ra8 25. Qb7 Rxa2 26. Qc6 Re8 27. Qc2 Qg5 28. Qc6 Raa8 29. Bf1 Rab8 30. Qc1 f4 31. Rd3 Bf5 32. Rf3 Be4 33. Rxf4 Rxe5 34. Rg4 Qe7 35. Qc3 Rd8 36. Qg3 Re6 37. Rc1 Bf5 38. Rc7 Rd7 39. Rc8+ Kh7 40. Bd3 Re1+ 41. Kh2 Be4 42. Bxe4+ dxe4 43. Qb8 Qd6+ 44. Qxd6 Rxd6 45. Rc7 Rg6 46. Rxg6 Kxg6 47. Rc6+ Kf5 48. Rxb6 Kf4 49. Rb7 g5 50. b4 Re2 51. Rf7+ Ke5 52. Kg3 Rb2 53. Rb7 h5 54. b5 Rb3+ 55. Kh2 Kd6 56. b6 Rb5 57. Rh7 h4 58. g3 Rxb6 59. gxh4 gxh4 60. Rxh4 Ke5 61. Rh8 Rf6 62. Kg2 Kf4 63. Rh4+ Ke5 64. Rg4 Kd4 65. h4 Kd3 66. Rg3+ Kd4 67. h5 Rh6 68. Rh3 Ke5 69. Rh4 Kf5 70. Kg3 Re6 71. h6 e3 72. fxe3 Rxe3+ 73. Kf2 Re8 74. h7 Rh8 1/2-1/2

[Event "VIE-ch (Women)"]
[Site "Da Lat"]
[Date "2011.03.24"]
[Round "7"]
[White "Ton, Nu Hong An"]
[Black "Pham, Thi Ngoc Tu"]
[Result "1-0"]
[WhiteElo "2014"]
[BlackElo "2106"]
[PlyCount "69"]
[EventDate "2011.03.20"]
[EventType "swiss"]
[EventRounds "11"]
[EventCountry "VIE"]
[SourceTitle "CBM 141 Extra"]
[Source "ChessBase"]
[SourceDate "2011.05.03"]
[SourceVersion "1"]
[SourceVersionDate "2011.05.03"]
[SourceQuality "1"]

1. d4 d5 2. Nf3 Nf6 3. c4 e6 4. Nc3 c6 5. g3 Bd6 6. Bg2 Nbd7 7. 0-0 0-0 8. Qd3 Qc7 9. e4 dxe4 10. Nxe4 Nxe4 11. Qxe4 c5 12. Be3 Rb8 13. Rfd1 cxd4 14. Bxd4 Nc5 15. Qe3 f6 16. b4 Na4 17. Qb3 b5 18. cxb5 Nb6 19. Rac1 Qe7 20. Bc5 Nd5 21. Nd4 Bb7 22. Nf5 exf5 23. Bxd5+ Kh8 24. Bxd6 Qxd6 25. Bxb7 Qe5 26. Bc6 f4 27. Rc5 Qe7 28. Qf3 fxg3 29. hxg3 a5 30. Kg2 axb4 31. Rh5 g6 32. Rd7 Qxd7 33. Bxd7 gxh5 34. Qxh5 Rb7 35. Bc6 1-0

[Event "Ho Chi Minh City HD Bank op 1st"]
[Site "Ho Chi Minh City"]
[Date "2011.01.07"]
[Round "7"]
[White "Nguyen, Thanh Nghia"]
[Black "Pham, Thi Ngoc Tu"]
[Result "0-1"]
[WhiteElo "2207"]
[BlackElo "2083"]
[PlyCount "80"]
[EventDate "2011.01.04"]
[EventType "swiss"]
[EventRounds "9"]
[EventCountry "VIE"]
[SourceTitle "CBM 140 Extra"]
[Source "ChessBase"]
[SourceDate "2011.03.01"]
[SourceVersion "1"]
[SourceVersionDate "2011.03.01"]
[SourceQuality "1"]

1. e4 e6 2. d4 d5 3. exd5 exd5 4. Bf4 Bd6 5. Bxd6 Qxd6 6. Nc3 c6 7. Nf3 Bg4 8. Be2 Ne7 9. Qd2 Nd7 10. h3 Bf5 11. 0-0-0 0-0-0 12. Rhe1 Kb8 13. Bf1 f6 14. Nh4 Bg6 15. Nxg6 Nxg6 16. g3 Rhe8 17. h4 Nb6 18. Rxe8 Rxe8 19. Re1 Rxe1+ 20. Qxe1 Ne7 21. Bd3 h6 22. h5 a6 23. Ne2 Qe6 24. Qb4 Nec8 25. a4 Kc7 26. a5 Nd7 27. b3 Nd6 28. c4 dxc4 29. Bxc4 Qe4 30. Kd2 Qf3 31. Ke1 Ne4 32. d5 Qxf2+ 33. Kd1 c5 34. Qe1 Qe3 35. Kc2 Ne5 36. Qf1 Nf3 37. Qd1 Nd4+ 38. Nxd4 Qc3+ 39. Kb1 Nd2+ 40. Ka2 cxd4 0-1

[Event "Ho Chi Minh City HD Bank op 1st"]
[Site "Ho Chi Minh City"]
[Date "2011.01.05"]
[Round "4"]
[White "Pham, Thi Ngoc Tu"]
[Black "Roque, Merben"]
[Result "0-1"]
[WhiteElo "2083"]
[BlackElo "2291"]
[PlyCount "86"]
[EventDate "2011.01.04"]
[EventType "swiss"]
[EventRounds "9"]
[EventCountry "VIE"]
[SourceTitle "CBM 140 Extra"]
[Source "ChessBase"]
[SourceDate "2011.03.01"]
[SourceVersion "1"]
[SourceVersionDate "2011.03.01"]
[SourceQuality "1"]

1. e4 e6 2. d4 d5 3. Nd2 Nf6 4. e5 Nfd7 5. Bd3 c5 6. c3 Nc6 7. Ne2 cxd4 8. cxd4 f6 9. exf6 Nxf6 10. 0-0 Bd6 11. Nf3 Qb6 12. Nc3 0-0 13. Re1 Bd7 14. a3 Rac8 15. Be3 Ng4 16. Bxh7+ Kh8 17. Bc2 Nf6 18. Ne5 Be8 19. Qf3 Nh5 20. Qh3 Bxe5 21. dxe5 Qxb2 22. Bc5 Nd4 23. Bxd4 Qxc2 24. g4 Rc4 25. Ne2 Rxd4 26. Nxd4 Qxf2+ 27. Kh1 Qxd4 28. gxh5 Rf5 29. h6 g6 30. Rad1 Qf4 31. Qc3 Bc6 32. Rd4 Qxh6 33. Re3 Kg7 34. h3 Qg5 35. Rg3 Rf1+ 36. Kg2 Qf5 37. Qd2 Rb1 38. Qe2 Bb5 39. Rdd3 Rb3 40. Qc2 Rxd3 41. Qc7+ Qf7 42. Qc2 Qf1+ 43. Kh2 Rxg3 0-1

[Event "VIE-ch (Women)"]
[Site "Ho Chi Minh City"]
[Date "2010.03.30"]
[Round "7"]
[White "Ngo, Thi Kim Tuyen"]
[Black "Pham, Thi Ngoc Tu"]
[Result "1-0"]
[WhiteElo "2047"]
[BlackElo "2097"]
[PlyCount "111"]
[EventDate "2010.03.26"]
[EventType "swiss"]
[EventRounds "9"]
[EventCountry "VIE"]
[SourceTitle "CBM 135 Extra"]
[Source "ChessBase"]
[SourceDate "2010.05.04"]
[SourceVersion "1"]
[SourceVersionDate "2010.05.04"]
[SourceQuality "1"]

1. Nf3 d5 2. b3 Nf6 3. Bb2 e6 4. e3 Bd6 5. d4 0-0 6. Bd3 Nbd7 7. Nbd2 Qe7 8. Ne5 Ba3 9. Bxa3 Qxa3 10. 0-0 Nxe5 11. dxe5 Nd7 12. f4 Qc5 13. Rf3 f5 14. Kh1 Qe7 15. Rh3 Nc5 16. Qh5 g6 17. Qh6 Qg7 18. Qh4 Ne4 19. Nf3 Bd7 20. Bxe4 dxe4 21. Ng5 h5 22. Rd1 Rfe8 23. Kg1 Qe7 24. g4 fxg4 25. Nxe4 Qxh4 26. Rxh4 Re7 27. Rxd7 Rxd7 28. Nf6+ Kf7 29. Nxd7 Rd8 30. Nf6 Rd1+ 31. Kf2 Rd2+ 32. Kg3 Rxc2 33. h3 gxh3 34. Rxh3 Rxa2 35. Rh1 Rb2 36. Rc1 Rxb3 37. Rxc7+ Kf8 38. Kf3 a5 39. Ne4 Rb6 40. Nc5 Ke8 41. Nxb7 a4 42. Nc5 Rb4 43. Ra7 Rc4 44. Nxe6 h4 45. Kg4 h3 46. Kxh3 Rc3 47. Rxa4 Rxe3+ 48. Kg4 Ke7 49. Ng5 Re1 50. Ra7+ Ke8 51. Nf3 Re2 52. Nh4 g5 53. Kxg5 Re1 54. Kf6 Rb1 55. e6 Rb8 56. Rh7 1-0

[Event "VIE-ch (Women)"]
[Site "Ho Chi Minh City"]
[Date "2010.03.26"]
[Round "2"]
[White "Pham, Thi Ngoc Tu"]
[Black "Le, Thi Phuong Lien"]
[Result "1-0"]
[WhiteElo "2097"]
[BlackElo "2176"]
[PlyCount "113"]
[EventDate "2010.03.26"]
[EventType "swiss"]
[EventRounds "9"]
[EventCountry "VIE"]
[SourceTitle "CBM 135 Extra"]
[Source "ChessBase"]
[SourceDate "2010.05.04"]
[SourceVersion "1"]
[SourceVersionDate "2010.05.04"]
[SourceQuality "1"]

1. e4 c5 2. Nf3 Nc6 3. Bb5 a6 4. Bxc6 bxc6 5. c3 d5 6. exd5 cxd5 7. d4 e6 8. Bf4 Nf6 9. 0-0 Bd6 10. Ne5 0-0 11. Bg5 h6 12. Bh4 cxd4 13. cxd4 g5 14. Bg3 Ne4 15. Nd2 Nxg3 16. hxg3 Bxe5 17. dxe5 Bd7 18. Qh5 Kg7 19. f4 f5 20. exf6+ Qxf6 21. Nf3 Bb5 22. Rfe1 Rae8 23. fxg5 Qg6 24. gxh6+ Qxh6 25. Qxh6+ Kxh6 26. Ne5 a5 27. a4 Ba6 28. Nc6 Bd3 29. Ra3 Be4 30. Rc3 Rf6 31. Nxa5 Ref8 32. Rce3 e5 33. Nb3 Rb8 34. R1e2 Bg6 35. Nc5 Rc6 36. Nd7 Rc1+ 37. Kf2 Rd8 38. Nxe5 d4 39. Rb3 d3 40. Rd2 Rc2 41. Ke3 Re8 42. Rb5 Rc1 43. Kd4 Rd8+ 44. Rd5 Rxd5+ 45. Kxd5 Rc2 46. Rxd3 Bxd3 47. Nxd3 Rxg2 48. b4 Rxg3 49. Nc5 Kg7 50. a5 Kf7 51. a6 Ke7 52. Kc6 Rg6+ 53. Kb7 Kd6 54. a7 Rg7+ 55. Kb6 Rg8 56. Na6 Ke5 57. Nb8 1-0

[Event "VIE-chT (Women)"]
[Site "Nha Trang"]
[Date "2009.08.25"]
[Round "6"]
[White "Pham, Thi Ngoc Tu"]
[Black "Ngo, Thi Kim Tuyen"]
[Result "0-1"]
[WhiteElo "2089"]
[BlackElo "2026"]
[PlyCount "106"]
[EventDate "2009.08.22"]
[EventType "tourn"]
[EventRounds "11"]
[EventCountry "VIE"]
[SourceTitle "CBM 132 Extra"]
[Source "ChessBase"]
[SourceDate "2009.11.03"]
[SourceVersion "1"]
[SourceVersionDate "2009.11.03"]
[SourceQuality "1"]

1. e4 Nf6 2. e5 Nd5 3. c4 Nb6 4. d4 d6 5. exd6 exd6 6. Nc3 Be7 7. Be3 Bf5 8. Be2 0-0 9. Nf3 a5 10. a4 Na6 11. 0-0 Nb4 12. Rc1 d5 13. b3 c6 14. Ne1 Bf6 15. c5 Nd7 16. Nd3 b6 17. cxb6 Qxb6 18. Nxb4 axb4 19. Nb1 Rfe8 20. Bd3 Be4 21. Bxe4 Rxe4 22. Nd2 Re6 23. Nf3 h6 24. Qc2 Rc8 25. Rfd1 Qb7 26. Ne1 Re4 27. h3 c5 28. dxc5 Bc3 29. Qd3 d4 30. c6 Qxc6 31. Bxd4 Nf8 32. Be3 Ree8 33. Nf3 Qb7 34. Qd5 Qa6 35. Nd4 Bb2 36. Rxc8 Rxc8 37. Nf5 Re8 38. Bc5 Qf6 39. Nd6 Re2 40. Qd3 Re6 41. Bxb4 Ng6 42. Ne4 Qf4 43. f3 Be5 44. Bd2 Qh2+ 45. Kf2 Kh7 46. Rg1 f5 47. Nc5 Rd6 48. Qe2 f4 49. Rc1 Bd4+ 50. Ke1 Bxc5 51. Rc4 Qg1+ 52. Qf1 Bf2+ 53. Ke2 Rxd2+ 0-1

[Event "VIE-chT (Women)"]
[Site "Nha Trang"]
[Date "2009.08.24"]
[Round "5"]
[White "Nguyen Thi Diem, Huong"]
[Black "Pham, Thi Ngoc Tu"]
[Result "0-1"]
[WhiteElo "2007"]
[BlackElo "2089"]
[PlyCount "92"]
[EventDate "2009.08.22"]
[EventType "tourn"]
[EventRounds "11"]
[EventCountry "VIE"]
[SourceTitle "CBM 132 Extra"]
[Source "ChessBase"]
[SourceDate "2009.11.03"]
[SourceVersion "1"]
[SourceVersionDate "2009.11.03"]
[SourceQuality "1"]

1. e4 e6 2. d4 d5 3. Nc3 Nf6 4. Bg5 Be7 5. e5 Nfd7 6. Bxe7 Qxe7 7. f4 a6 8. Nf3 c5 9. Qd2 Nc6 10. 0-0-0 c4 11. f5 b5 12. Qg5 Qxg5+ 13. Nxg5 Nb6 14. fxe6 Bxe6 15. a3 Na7 16. Be2 a5 17. Nxe6 fxe6 18. Bg4 Ke7 19. Ne2 g5 20. Ng3 b4 21. Rhf1 Rhf8 22. Nh5 Nb5 23. Ng7 Nc7 24. axb4 axb4 25. Kd2 c3+ 26. bxc3 bxc3+ 27. Kd3 Na4 28. Ra1 Rg8 29. Nh5 Nb5 30. Ke3 Rgb8 31. Rf6 Nxd4 32. Kxd4 Rb4+ 33. Ke3 Rxg4 34. Raf1 Re4+ 35. Kf2 Rxe5 36. Kg1 Nc5 37. Rf7+ Kd6 38. Rb1 Kc6 39. h3 Re2 40. Ng7 Rxc2 41. Nf5 exf5 42. Rf6+ Ne6 43. Rxe6+ Kc5 44. Reb6 Raa2 45. R1b5+ Kd4 46. Rb4+ Ke5 0-1

[Event "VIE-chT (Women)"]
[Site "Nha Trang"]
[Date "2009.08.24"]
[Round "4"]
[White "Pham, Thi Ngoc Tu"]
[Black "Huynh Mai Phuong, Dung"]
[Result "1/2-1/2"]
[WhiteElo "2089"]
[BlackElo "2093"]
[PlyCount "30"]
[EventDate "2009.08.22"]
[EventType "tourn"]
[EventRounds "11"]
[EventCountry "VIE"]
[SourceTitle "CBM 132 Extra"]
[Source "ChessBase"]
[SourceDate "2009.11.03"]
[SourceVersion "1"]
[SourceVersionDate "2009.11.03"]
[SourceQuality "1"]

1. e4 e5 2. Nf3 Nf6 3. Nc3 Nc6 4. d4 exd4 5. Nxd4 Bb4 6. Nxc6 bxc6 7. Bd3 d5 8. exd5 cxd5 9. 0-0 0-0 10. Bg5 c6 11. Ne2 Bg4 12. c3 Bd6 13. Qc2 h6 14. Bh4 Re8 15. Rae1 Be5 1/2-1/2

[Event "VIE-chT (Women)"]
[Site "Nha Trang"]
[Date "2009.08.23"]
[Round "3"]
[White "Do, Hoang Minh Tho"]
[Black "Pham, Thi Ngoc Tu"]
[Result "1-0"]
[WhiteElo "1931"]
[BlackElo "2089"]
[PlyCount "31"]
[EventDate "2009.08.22"]
[EventType "tourn"]
[EventRounds "11"]
[EventCountry "VIE"]
[SourceTitle "CBM 132 Extra"]
[Source "ChessBase"]
[SourceDate "2009.11.03"]
[SourceVersion "1"]
[SourceVersionDate "2009.11.03"]
[SourceQuality "1"]

1. d4 d5 2. c4 e6 3. Nc3 c6 4. Bf4 dxc4 5. a4 Bb4 6. e3 b5 7. axb5 cxb5 8. Qf3 Qd5 9. Qg3 Nd7 10. Qxg7 Qf5 11. Qxh8 Qg6 12. Nf3 Kf8 13. Be2 Be7 14. Ne5 Qxg2 15. Bh6+ Ke8 16. Bf3 1-0

[Event "Ho Chi Minh City zt 3.3 (Women)"]
[Site "Ho Chi Minh City"]
[Date "2009.07.28"]
[Round "8"]
[White "Le, Hoang Tran Chau"]
[Black "Pham, Thi Ngoc Tu"]
[Result "1-0"]
[WhiteElo "2073"]
[BlackElo "2089"]
[PlyCount "97"]
[EventDate "2009.07.23"]
[EventType "swiss"]
[EventRounds "9"]
[EventCountry "VIE"]
[SourceTitle "CBM 131 Extra"]
[Source "ChessBase"]
[SourceDate "2009.09.03"]
[SourceVersion "2"]
[SourceVersionDate "2009.09.16"]
[SourceQuality "1"]

1. d4 d5 2. Nf3 Nf6 3. c4 e6 4. Nc3 c6 5. Bg5 Be7 6. e3 Nbd7 7. cxd5 exd5 8. Bd3 0-0 9. 0-0 Re8 10. Qc2 Nf8 11. Rab1 Ne4 12. Bxe7 Qxe7 13. b4 a6 14. a4 Ng6 15. b5 axb5 16. axb5 Ra3 17. Bxe4 dxe4 18. Nd2 f5 19. Ne2 cxb5 20. Rxb5 Ra6 21. Rfb1 Rc6 22. Qb3+ Kh8 23. g3 Qg5 24. Rb6 Qg4 25. Rxc6 bxc6 26. Nf4 Nxf4 27. exf4 e3 28. fxe3 Qe2 29. Nf1 h6 30. Qf7 Rg8 31. Rb8 Qf3 32. Qa2 Kh7 33. Qg2 Qd1 34. g4 fxg4 35. Qe4+ g6 36. Qe7+ Kh8 37. Qf6+ Kh7 38. Ra8 Qb3 39. Qe7+ Rg7 40. Qd8 g3 41. hxg3 g5 42. Qxc8 Qd5 43. Qh8+ Kg6 44. Qe8+ Kh7 45. Qe5 Qf7 46. f5 h5 47. Re8 Qd7 48. f6 Rf7 49. Qe4+ 1-0

[Event "Ho Chi Minh City zt 3.3 (Women)"]
[Site "Ho Chi Minh City"]
[Date "2009.07.24"]
[Round "3"]
[White "Pham, Thi Ngoc Tu"]
[Black "Le, Kieu Thien Kim"]
[Result "1/2-1/2"]
[WhiteElo "2089"]
[BlackElo "2250"]
[PlyCount "49"]
[EventDate "2009.07.23"]
[EventType "swiss"]
[EventRounds "9"]
[EventCountry "VIE"]
[SourceTitle "CBM 131 Extra"]
[Source "ChessBase"]
[SourceDate "2009.09.03"]
[SourceVersion "2"]
[SourceVersionDate "2009.09.16"]
[SourceQuality "1"]

1. e4 d5 2. exd5 Qxd5 3. Nc3 Qa5 4. d4 Nf6 5. Bd3 c6 6. Nge2 Bg4 7. 0-0 e6 8. Bf4 Nbd7 9. a3 Be7 10. Qd2 Qd8 11. Ng3 Nh5 12. Nxh5 Bxh5 13. Ne4 0-0 14. Ng3 Bg6 15. Bxg6 hxg6 16. Rad1 Nf6 17. c4 Bd6 18. Bxd6 Qxd6 19. Qc3 Rfd8 20. Qc2 Rd7 21. b4 Rad8 22. f4 Qc7 23. Qc3 b5 24. Ne2 Ne4 25. Qf3 1/2-1/2

[Event "Ho Chi Minh City zt 3.3 (Women)"]
[Site "Ho Chi Minh City"]
[Date "2009.07.23"]
[Round "2"]
[White "Munguntuul, Batkhuyag"]
[Black "Pham, Thi Ngoc Tu"]
[Result "1/2-1/2"]
[WhiteElo "2261"]
[BlackElo "2089"]
[PlyCount "100"]
[EventDate "2009.07.23"]
[EventType "swiss"]
[EventRounds "9"]
[EventCountry "VIE"]
[SourceTitle "CBM 131 Extra"]
[Source "ChessBase"]
[SourceDate "2009.09.03"]
[SourceVersion "2"]
[SourceVersionDate "2009.09.16"]
[SourceQuality "1"]

1. e4 e6 2. d4 d5 3. Nd2 Nf6 4. e5 Nfd7 5. f4 c5 6. c3 Nc6 7. Ndf3 Qb6 8. h4 cxd4 9. cxd4 Bb4+ 10. Kf2 f6 11. Kg3 Be7 12. Bd3 0-0 13. Nh3 f5 14. Bc2 Nd8 15. h5 Nf7 16. Nf2 Nh6 17. Kh3 Nb8 18. a3 a5 19. b3 Nc6 20. Be3 Bd7 21. g3 Rac8 22. Kg2 Na7 23. Qd3 Bb5 24. Qd2 Rc7 25. Nd3 Ng4 26. Bg1 Bxd3 27. Qxd3 Rfc8 28. Ne1 Nb5 29. Bd1 Nh6 30. a4 Nc3 31. Bf2 Ne4 32. Qb5 Qxb5 33. axb5 b6 34. Nd3 Nc3 35. Nb2 Nxb5 36. Na4 Rc6 37. Be2 Nc3 38. Ba6 R8c7 39. Rhc1 Nxa4 40. Rxc6 Rxc6 41. bxa4 Rc2 42. Kg1 Ng4 43. Be1 Kf7 44. Bd3 Rc6 45. Rb1 Ne3 46. Bb5 Rc7 47. Bd3 Rc6 48. Bb5 Rc7 49. Bd3 Rc6 50. Bb5 Rc7 1/2-1/2

[Event "VIE-ch (Women) qual"]
[Site "Hanoi"]
[Date "2009.02.20"]
[Round "8"]
[White "Pham, Thi Ngoc Tu"]
[Black "Tran, Thi Kim Loan"]
[Result "0-1"]
[WhiteElo "2107"]
[BlackElo "2134"]
[PlyCount "154"]
[EventDate "2009.02.15"]
[EventType "swiss"]
[EventRounds "9"]
[EventCountry "VIE"]
[SourceTitle "EXT 2012"]
[Source "ChessBase"]
[SourceDate "2011.11.24"]
[SourceVersion "1"]
[SourceVersionDate "2011.11.24"]
[SourceQuality "1"]

1. e4 c5 2. Nf3 a6 3. c3 g6 4. d4 cxd4 5. cxd4 Bg7 6. Nc3 d6 7. h3 Nf6 8. Bd3 0-0 9. 0-0 b5 10. a3 Bb7 11. Qe2 Nbd7 12. Bd2 Rc8 13. Rac1 Nb6 14. b3 Nbd7 15. Rfd1 Qb6 16. Bb1 Qa7 17. Be3 Qa8 18. Nd2 Rc7 19. Qd3 Rfc8 20. Ne2 a5 21. Rxc7 Rxc7 22. Qxb5 Ba6 23. Qxa5 Ra7 24. Qc3 Bxe2 25. Re1 Ba6 26. a4 Ne8 27. b4 Bb7 28. Bc2 Qc8 29. Qb3 d5 30. e5 Nb6 31. Ra1 Nc4 32. Nxc4 dxc4 33. Qc3 Bd5 34. b5 Qb7 35. f3 Nc7 36. Bd1 e6 37. Be2 Bf8 38. Bxc4 Bxc4 39. Qxc4 Nd5 40. Bd2 Be7 41. a5 Bd8 42. Ra2 Qa8 43. a6 Bb6 44. Ba5 Rc7 45. Qd3 Qa7 46. Bxb6 Qxb6 47. Kh2 Nb4 48. Qa3 Nxa2 49. Qd6 Qxb5 50. Qxc7 Qxa6 51. Qd8+ Kg7 52. Qf6+ Kg8 53. d5 Qc8 54. d6 Nb4 55. Qf4 Nc6 56. Qc4 Qb7 57. f4 Kg7 58. Qd3 Qd7 59. Qc3 h5 60. g4 hxg4 61. hxg4 Qb7 62. Kg3 Nb8 63. Qc7 Qb5 64. Qc3 Nd7 65. g5 Nc5 66. Qa3 Nd7 67. Qc3 Qc5 68. Qe1 Qd4 69. Qe2 Nc5 70. Kf3 Kf8 71. Kg4 Qd3 72. Qa2 Ne4 73. Qh2 Kg8 74. Qg2 Kf8 75. Qh2 Qd1+ 76. Kh3 Qf3+ 77. Kh4 Qh5# 0-1

[Event "Singapore Masters 5th"]
[Site "Singapore"]
[Date "2008.12.13"]
[Round "8"]
[White "Pham, Thi Ngoc Tu"]
[Black "Huynh Mai Phuong, Dung"]
[Result "1-0"]
[WhiteElo "2091"]
[BlackElo "2110"]
[PlyCount "65"]
[EventDate "2008.12.10"]
[EventType "swiss"]
[EventRounds "9"]
[EventCountry "SIN"]
[SourceTitle "CBM 127 Extra"]
[Source "ChessBase"]
[SourceDate "2009.01.08"]
[SourceVersion "2"]
[SourceVersionDate "2009.01.28"]
[SourceQuality "1"]

1. e4 e5 2. Nf3 Nf6 3. Nc3 Nc6 4. d4 exd4 5. Nxd4 Bb4 6. Nxc6 bxc6 7. Bd3 0-0 8. 0-0 d5 9. exd5 cxd5 10. Bg5 c6 11. Ne2 Bd6 12. Nd4 Bd7 13. c3 c5 14. Nf5 Bxf5 15. Bxf5 Be7 16. Bf4 Re8 17. Qf3 Qb6 18. b3 Rad8 19. Rad1 d4 20. c4 h6 21. Bb1 Bd6 22. Rfe1 Rxe1+ 23. Rxe1 Re8 24. Rxe8+ Nxe8 25. Qa8 Kf8 26. Bxd6+ Qxd6 27. Bd3 Qf4 28. g3 Qg4 29. Kg2 h5 30. h3 Qg5 31. Qxa7 h4 32. g4 Qd2 33. Qxc5+ 1-0

[Event "Singapore Masters 5th"]
[Site "Singapore"]
[Date "2008.12.10"]
[Round "2"]
[White "Anasrullah"]
[Black "Pham, Thi Ngoc Tu"]
[Result "0-1"]
[WhiteElo "2290"]
[BlackElo "2091"]
[PlyCount "112"]
[EventDate "2008.12.10"]
[EventType "swiss"]
[EventRounds "9"]
[EventCountry "SIN"]
[SourceTitle "CBM 127 Extra"]
[Source "ChessBase"]
[SourceDate "2009.01.08"]
[SourceVersion "2"]
[SourceVersionDate "2009.01.28"]
[SourceQuality "1"]

1. e4 e6 2. d4 d5 3. exd5 exd5 4. Nf3 Bd6 5. h3 Ne7 6. c4 c6 7. Nc3 Bf5 8. Qb3 Qb6 9. Nb5 cxb5 10. c5 Bxc5 11. dxc5 Qxc5 12. Be3 Qd6 13. Bxb5+ Nbc6 14. 0-0 0-0 15. Rac1 b6 16. Rfd1 Rfd8 17. Qa4 Ne5 18. Nxe5 Qxe5 19. Bd4 Qd6 20. Re1 Be4 21. Qa3 Qxa3 22. bxa3 Nf5 23. Be5 Nd6 24. Bc6 Rac8 25. f3 Bf5 26. Bxd5 Nb5 27. Rxc8 Bxc8 28. Bc6 f6 29. Bg3 Ba6 30. a4 Nd4 31. Bc7 Rc8 32. Bd5+ Kh8 33. Re7 h6 34. Kf2 Nf5 35. Rd7 Re8 36. Be4 Bc8 37. Rd2 Be6 38. g4 Ne7 39. a3 Rc8 40. Bd6 Nc6 41. f4 Na5 42. Bb4 Nc4 43. Re2 Bd7 44. Bg6 Bxa4 45. Re7 a5 46. Bd2 Nxd2 47. Rb7 b5 48. h4 Nc4 49. g5 hxg5 50. hxg5 fxg5 51. fxg5 Nxa3 52. Bf7 Nc4 53. Re7 Nd6 54. g6 Rf8 55. Ke2 Nxf7 56. gxf7 g6 0-1

[Event "Vung Tau Dragon Capital op"]
[Site "Vung Tau"]
[Date "2008.08.31"]
[Round "7"]
[White "Pham, Thi Ngoc Tu"]
[Black "Nguyen, Van Hai"]
[Result "0-1"]
[WhiteElo "2065"]
[BlackElo "2232"]
[PlyCount "68"]
[EventDate "2008.08.27"]
[EventType "swiss"]
[EventRounds "9"]
[EventCountry "VIE"]
[SourceTitle "CBM 126 Extra"]
[Source "ChessBase"]
[SourceDate "2008.11.05"]
[SourceVersion "1"]
[SourceVersionDate "2008.11.05"]
[SourceQuality "1"]

1. e4 e6 2. d4 d5 3. Nd2 Nf6 4. e5 Nfd7 5. Bd3 c5 6. c3 Nc6 7. Ne2 Qb6 8. Nf3 cxd4 9. cxd4 f6 10. exf6 Nxf6 11. 0-0 Bd6 12. Nc3 0-0 13. Be3 Bd7 14. Re1 Rae8 15. Rc1 Kh8 16. a3 a6 17. Na4 Qd8 18. Nc5 Bc8 19. Nxa6 e5 20. Bb5 e4 21. Ne5 Nxe5 22. dxe5 Rxe5 23. Nb4 d4 24. Qxd4 Rxb5 25. Red1 Ne8 26. Qxe4 Bd7 27. Rd4 Bc5 28. Rd2 Bxe3 29. Qxe3 Nf6 30. Rcd1 Qe8 31. Qd4 Re5 32. Nc2 Ba4 33. h3 Bxc2 34. Rxc2 Re4 0-1

[Event "Vung Tau Dragon Capital op"]
[Site "Vung Tau"]
[Date "2008.08.29"]
[Round "5"]
[White "Pham, Thi Ngoc Tu"]
[Black "Sadorra, Julio Catalino"]
[Result "0-1"]
[WhiteElo "2065"]
[BlackElo "2470"]
[PlyCount "91"]
[EventDate "2008.08.27"]
[EventType "swiss"]
[EventRounds "9"]
[EventCountry "VIE"]
[SourceTitle "CBM 126 Extra"]
[Source "ChessBase"]
[SourceDate "2008.11.05"]
[SourceVersion "1"]
[SourceVersionDate "2008.11.05"]
[SourceQuality "1"]

1. e4 e6 2. d4 d5 3. Nd2 Nc6 4. c3 e5 5. Bb5 exd4 6. cxd4 dxe4 7. Nxe4 Bb4+ 8. Nc3 Nge7 9. Nge2 0-0 10. 0-0 Nf5 11. d5 Ne5 12. Bf4 Ng6 13. Rc1 Nxf4 14. Nxf4 Bd6 15. Nd3 Qh4 16. f4 a6 17. Ba4 b5 18. Bb3 Re8 19. Qd2 Qf6 20. Kh1 Qd4 21. Ne2 Qe3 22. Rc2 a5 23. a4 Ba6 24. Rf3 Qxd2 25. Rxd2 Rxe2 26. Rxe2 Nd4 27. Ree3 Nxb3 28. axb5 Bxb5 29. Ne5 Nd2 30. Rh3 a4 31. Rh4 Bc5 32. Rc3 Ne4 33. Rc2 a3 34. bxa3 f6 35. Nc4 Nf2+ 36. Kg1 Ng4+ 37. Kh1 Re8 38. g3 Re1+ 39. Kg2 f5 40. h3 Bxc4 41. Rxc4 Ne3+ 42. Kf2 Rf1+ 43. Ke2 Nxc4 44. Kxf1 Be7 45. Ke2 Bxh4 46. gxh4 0-1

[Event "VIE-chT (Women)"]
[Site "Hue"]
[Date "2008.08.17"]
[Round "4"]
[White "Vo, Thi Kim Phung"]
[Black "Pham, Thi Ngoc Tu"]
[Result "1/2-1/2"]
[WhiteElo "2052"]
[BlackElo "2065"]
[PlyCount "104"]
[EventDate "2008.08.15"]
[EventType "team-swiss"]
[EventRounds "11"]
[EventCountry "VIE"]
[SourceTitle "EXT 2019"]
[Source "ChessBase"]
[SourceDate "2018.10.10"]
[SourceVersion "1"]
[SourceVersionDate "2018.10.10"]
[SourceQuality "1"]

1. d4 d5 2. Nf3 Nf6 3. e3 c5 4. b3 cxd4 5. Qxd4 Nc6 6. Bb5 e6 7. 0-0 Bd6 8. Bb2 0-0 9. Bxc6 bxc6 10. Nbd2 Qe7 11. Ne5 c5 12. Qh4 Nd7 13. Qxe7 Bxe7 14. Nxd7 Bxd7 15. c4 Rfd8 16. Rfd1 Bc6 17. cxd5 Rxd5 18. Nf3 Rad8 19. Rxd5 Rxd5 20. Ne5 Bb5 21. a4 Be8 22. Rc1 f6 23. Nc4 Bg6 24. h3 Kf7 25. Na5 Rd2 26. Ba3 Rc2 27. Rd1 Ra2 28. Nc4 Ke8 29. Rd2 Bc2 30. Na5 Bxb3 31. Rxa2 Bxa2 32. Nc6 Bf8 33. Nxa7 Bb3 34. a5 Kd7 35. Nb5 Kc6 36. Nd4+ cxd4 37. Bxf8 d3 38. Bb4 Kb5 39. Bd2 Bd5 40. f3 f5 41. Kf2 Kc4 42. h4 h5 43. Kg3 Kb3 44. Kf2 Kc2 45. Ke1 Bb7 46. Bb4 g6 47. Bd2 e5 48. Bb4 Kb3 49. Bd2 Kc2 50. Bb4 Ba6 51. Bd2 Bb5 52. e4 f4 1/2-1/2